[Event "Zagreb Open 2011 Grupo B"]
[Site "Zagreb CRO"]
[Date "2011.04.18"]
[Round "9.29"]
[White "Krizancic, Josip"]
[Black "Kurecic, Mladen"]
[Result "1-0"]
[WhiteElo "2094"]
[BlackElo "1999"]
[PlyCount "77"]
[EventDate "2011.04.11"]
[EventType "swiss"]
[EventRounds "9"]
[EventCountry "CRO"]
[Source "lmi"]
[SourceDate "2011.04.11"]

1. e4 e6 2. d4 d5 3. Nd2 Nf6 4. e5 Nfd7 5. Bd3 c5 6. c3 Nc6 7. Ne2 cxd4 8. cxd4
Be7 9. O-O f5 10. exf6 Bxf6 11. Nf3 O-O 12. Ng3 e5 13. dxe5 Ndxe5 14. Be2 d4
15. Nxe5 Bxe5 16. Bd3 Qh4 17. Qe2 Bd7 18. Qe4 Qxe4 19. Bxe4 Rad8 20. Bg5 Bf6
21. Bd2 g6 22. Rac1 Kg7 23. b4 a6 24. a4 Rc8 25. Bf3 b6 26. a5 b5 27. Ne4 Ne5
28. Nc5 Nxf3+ 29. gxf3 Bh3 30. Rfe1 Ra8 31. Ne6+ Bxe6 32. Rxe6 Rfe8 33. Rc7+
Be7 34. Rexe7+ Rxe7 35. Rxe7+ Kf6 36. Rd7 Ke5 37. Bh6 Rc8 38. Bg7+ Kf4 39. Kg2
1-0

[Event "Zagreb Open 2011 Grupo B"]
[Site "Zagreb CRO"]
[Date "2011.04.18"]
[Round "9.31"]
[White "Gorupec, Mladen"]
[Black "Ivekovic, Bozidar"]
[Result "1/2-1/2"]
[WhiteElo "2025"]
[BlackElo "2084"]
[PlyCount "31"]
[EventDate "2011.04.11"]
[EventType "swiss"]
[EventRounds "9"]
[EventCountry "CRO"]
[Source "lmi"]
[SourceDate "2011.04.11"]

1. Nf3 e6 2. g3 f5 3. Bg2 Nf6 4. d3 d6 5. O-O Be7 6. Nc3 O-O 7. e4 fxe4 8. dxe4
e5 9. h3 Be6 10. Qd3 Nc6 11. Ng5 Qd7 12. Nxe6 Qxe6 13. Nd5 Qd7 14. Be3 Nxd5 15.
exd5 Nd4 16. Bxd4 1/2-1/2